Bières trappistes - Mort subite - Statistiques

Statistiques générales
  • Ce quiz a été pris 150 fois
  • Le résultat moyen est 4 sur 8
Answers on the Grid
Answers color-coded by a green-red scale on the quiz's grid according to % correct below.
Westmalle
Leffe
Carlsberg
Chimay
Orval
Grimbergen
La Chouffe
Westvleteren
Goudale
Rochefort
Zundert
Duvel
Heineken
La Trappe
Achel
Mont des Cats
Tre Fontane
Tynt Meadow
Spencer
 
Statistiques - réponses
Réponse % Correct
Orval
74%
Westmalle
70%
Chimay
56%
La Trappe
47%
Rochefort
47%
Westvleteren
32%
Tre Fontane
19%
Tynt Meadow
14%
Aucun quiz correspondant
Distribution des résultats
% des personnes avec chaque résultat
Percentile par nombre de réponses
Votre historique - résultats
Vous n’avez pas pris ce quiz